000 00642nam a2200241Ia 4500
003 OSt
005 20221007103656.0
006 a|||||r|||| 00| 0
007 ta
008 221006b |||||||| |||| 00| 0 eng d
024 _a13,719
037 _cTextual
040 _aLCO
_cLCO
_beng
041 _2eng
_aeng
082 _aZ3,5222, L2
100 _aFordham Peta
_9705447
245 0 _aInside the Underworld
260 _aLondon
_bGeorge Allen & Unwin Ltd. Great Britain
_c1972
300 _a188
650 _aINSIDE THE UNDERWORLD
_9705448
942 _hZ3,5222, L2
_cTEXL
999 _c1183282
_d1183282